Dictionary of real estate
Αποθηκεύτηκε σε:
| Κύριος συγγραφέας: | |
|---|---|
| Άλλοι συγγραφείς: | , |
| Μορφή: | Βιβλίο |
| Γλώσσα: | English |
| Δημοσίευση: |
New York :
John Wiley and sons,
c1996
|
| Σειρά: | Business dictionary series
|
| Θέματα: | |
| Ετικέτες: |
Προσθήκη ετικέτας
Δεν υπάρχουν, Καταχωρήστε ετικέτα πρώτοι!
|
MARC
| LEADER | 00000nam a2200000 i 4500 | ||
|---|---|---|---|
| 001 | 1/99321 | ||
| 008 | 000127s1996 eng d | ||
| 020 | |a 0-471-01335-8 | ||
| 035 | |l 10056839 | ||
| 040 | |a GR-MY-UA |b gre |e aacr | ||
| 041 | 0 | |a eng | |
| 082 | 0 | |a 333.3303 | |
| 100 | 1 | |a Shim, Jae K. | |
| 245 | 1 | 0 | |a Dictionary of real estate / |c Jae K. Shim, Stephen W. Hartman, Joel G. Siegel |
| 260 | |a New York : |b John Wiley and sons, |c c1996 | ||
| 300 | |a 307 p. | ||
| 490 | 1 | |a Business dictionary series | |
| 504 | |a Includes bibliographical references | ||
| 650 | 0 | 0 | |a Real estate business |x Dictionaries. |
| 650 | 0 | 0 | |a Real property |x Dictionaries. |
| 700 | 1 | |a Hartman, Stephen. | |
| 700 | 1 | |a Siegel, Joel G. | |
| 830 | 0 | |a Business dictionary series | |
| 852 | |a INST |b LESVOS |e 20000127 |h 333.3303 SHI |p 005100021981 |q 005100021981 |t REF |y 23 | ||
| 901 | |a BIBL1-2000-1 | ||
| 909 | |a Λ |b 070364 | ||
| 922 | |a 1ΕΛΗ |b 199911 |c ΚΠΣ/ΤΓ |d LEADER | ||
| 950 | |a 118-1999-09-03 | ||
| 970 | |a ΤΖΑΦΕΡΗ |b ΕΥΑΓΓΕΛΙΑ |z 2000/02/01 | ||